| 000 | 00654nam a2200193Ia 4500 | ||
|---|---|---|---|
| 003 | GCL | ||
| 008 | 140319s9999 xx 000 0 ara d | ||
| 040 |
_aGCL / _cGCL |
||
| 082 | 0 | 4 |
_a910.2 _bف ا |
| 100 | 1 | _aفهمى هلالى هلالى ابو العطا | |
| 245 | 1 | 0 |
_aالطقس والمناخ دراسة فى طبيعة الجو وجغرافية المناخ / _cفهمى هلالى هلالى ابو العطا |
| 260 |
_a[S.N] : _bدار المعرفة الجامعية ، _c1991 |
||
| 300 | _a412 ص | ||
| 490 | _a | ||
| 650 | 0 | 4 | _aالجغرافيا الطبيعية |
| 650 | 0 | 4 | _aالمناخ |
| 650 | 0 | 4 | _aالطقس |
| 942 |
_2ddc _cBK |
||
| 999 |
_c48701 _d48701 |
||